000 00339nam a2200145Ia 4500
003 OSt
005 20240103153042.0
008 170523s9999 xx 000 0 und d
020 _a0070529132
040 _ciimt university meerut
100 _aLOGEN
245 0 _aEVALUTION NOT REVOLUATION
260 _bTATA MC GRAW HILL
942 _2ddc
_c02
999 _c1676
_d1676